KOHA-Header-6

Why Don't You have Kids? (Record no. 7398)

000 -LEADER
fixed length control field 00258nam a2200109Ia 4500
100 ## - MAIN ENTRY--AUTHOR NAME
Personal name Leslie Lafayette
245 #0 - TITLE STATEMENT
Title Why Don't You have Kids?
260 ## - PUBLICATION, DISTRIBUTION, ETC. (IMPRINT)
Place of publication USA
Name of publisher McGraw-Hill
Year of publication 1995
300 ## - PHYSICAL DESCRIPTION
Number of Pages 298
942 ## - ADDED ENTRY ELEMENTS (KOHA)
Koha item type Books
Holdings
Withdrawn status Lost status Collection code Permanent Location Current Location Shelving location Date acquired Full call number Accession Number Koha item type
    English Literature MAJU MAJU Shelf No.A14 2019-09-12 910.4 1258 English Literature

Powered by Koha